00457nam a2200169Ia 450000500170000000800410001702000180005804100120007608200150008810000240010324500500012725000080017726000210018550000150020665000370022170000290025820240823013224.0240823s9999||||xx |||||||||||||| ||und|| a81-7808-574-7 aENGLISH A004.165 P2 aMuhammad Ali Mazidi 4aThe 8051 Microcontroller and Embedded Systems a1st c2003b"Pearson," aTRANSFERED aMicro ComputerbComputer Science a Janice Gillispie Mazidi